NBA 2K23 Top 10 Point Guards - Statistics

General Stats
  • This quiz has been taken 650 times
  • The average score is 7 of 10
Answer Stats
Rating Player % Correct
96 Stephen Curry
100%
95 Luka Doncic
85%
89 Damian Lillard
73%
90 Chris Paul
69%
90 Trae Young
67%
89 Kyrie Irving
66%
93 Ja Morant
63%
87 Shai Gilgeous-Alexander
62%
87 LaMelo Ball
45%
87 Darius Garland
39%
No matching quizzes found
Score Distribution
Percent of People with Each Score
Percentile by Number Answered
Your Score History
You have not taken this quiz